| 000 | 00717nam a22001937a 4500 | ||
|---|---|---|---|
| 999 |
_c18295 _d18295 |
||
| 003 | AR-CdUCM | ||
| 008 | 190513b ||||| |||| 00| 0 spa d | ||
| 040 |
_aMUNICIPALIDAD PROVINCIAL DEL CUSCO _cBIBLIOTECA MUNICIPAL DEL CUSCO |
||
| 082 |
_a343.9 / _bN94 |
||
| 100 |
_aNuñez Borja, Humberto. _911827 |
||
| 245 | _aLa institución municipal / | ||
| 260 |
_bUniversitaria, _c1961. |
||
| 300 |
_a97 páginas ; _c21 cm. |
||
| 505 | _aContenido : La autonomía municipal y el poder legislativo -- La autonomía municipal y el poder judicial -- La autonomía municipal y el poder ejecutivo ... | ||
| 650 |
_aPoder legislativo. _98900 |
||
| 650 |
_aEjecutivo. _938805 |
||
| 942 |
_2ddc _cLIBROS |
||
| 945 |
_arum _d2019-05-13 |
||